000
00296nam a2200133Ia 4500
100
_a
Traister/ J.E
942
_c
RB
654
_a
polyphase
245
_a
Handbook of polyphase Electric Motors
260
_b
Prentice Hall
_c
1988
082
_a
621.426
_b
TRA
300
_a
209
546
_a
ENGLISH
999
_c
17999
_d
17999